000 00899nam a22003017a 4500
001 BR0305390
003 BR-BrBNA
005 20230928101421.0
007 ta
008 230509b bl.||||| |||| 00| 0 por d
040 _aBR-BrBNA
_bpor
_cBiblioteca Nacional de Agricultura
041 _a(Por)
072 _aL02
_b5300
090 _ 5300 BR0305390
100 1 _aGomes, F.E.
110 1 _aUniversidade Federal de Lavras, MG (Brasil)
_0Tese (Mestrado)
245 1 _aPlanos de nutrição baseados em níveis de lisina para suínos de dois genótipos abatidos aos 80 e 100 kg de peso vivo
260 3 _aLavras, MG (Brasil):
_c1998.
300 _a55 p.
500 _aSummaries (Eng, Por); Bibliography p. 38-45; 17 tables
650 _aSUÍNO
650 _aTERMINAÇÃO
650 _aLISINA
650 _aABATE
650 _aPESO
909 _a202309
_bLucia
_c55
_dLucia Elande
942 _cBK
999 _c65726
_d65726